[Event "US Championship"]
[Site "St Louis, MO USA"]
[Date "2018.04.23"]
[EventDate "2018.04.18"]
[Round "6"]
[Result "1/2-1/2"]
[White "Wesley So"]
[Black "Zviad Izoria"]
[WhiteElo "2786"]
[BlackElo "2599"]
[PlyCount "60"]

1. Nf3 d5 2. d4 e6 3. c4 a6 4. Nbd2 Nf6 5. g3 c5 6. Bg2 Nc6
7. O-O cxd4 8. cxd5 Qxd5 9. Nb3 d3 10. e4 Qb5 11. Nbd4 Nxd4
12. Nxd4 Qd7 13. Be3 Bc5 14. Nf5 exf5 15. Bxc5 Nxe4 16. Re1
Qd5 17. Qa4+ b5 18. Bxe4 fxe4 19. Qxe4+ Qxe4 20. Rxe4+ Be6
21. Rd4 Rd8 22. Bd6 f6 23. Rxd3 Kf7 24. Rd2 Rd7 25. Bb4 Rxd2
26. Bxd2 Rd8 27. Bc3 Bg4 28. Re1 Rd1 29. Rxd1 Bxd1 30. f4 Ke6
1/2-1/2

[Event "US Championship"]
[Site "St Louis, MO USA"]
[Date "2018.04.23"]
[EventDate "2018.04.18"]
[Round "6"]
[Result "1/2-1/2"]
[White "Alexander Onischuk"]
[Black "Awonder Liang"]
[WhiteElo "2672"]
[BlackElo "2552"]
[PlyCount "68"]

1. d4 Nf6 2. c4 e6 3. Nf3 d5 4. Nc3 c5 5. cxd5 Nxd5 6. e4 Nxc3
7. bxc3 cxd4 8. cxd4 Bb4+ 9. Bd2 Bxd2+ 10. Qxd2 O-O 11. Bb5 a6
12. Be2 b6 13. O-O Bb7 14. Qe3 Nd7 15. Rfd1 h6 16. Ne5 b5
17. Rac1 Nxe5 18. dxe5 Qh4 19. f3 Rac8 20. g3 Qe7 21. Rd6
Rxc1+ 22. Qxc1 Rc8 23. Qd2 Qc7 24. Kf2 Qc5+ 25. Qd4 Qc1
26. Rd8+ Kh7 27. Rxc8 Bxc8 28. h4 Qc2 29. Qa7 b4 30. Qxf7 Qc5+
31. Kg2 Qc2 32. Kf2 Qc5+ 33. Kg2 Qc2 34. Kf2 Qc5+ 1/2-1/2

[Event "US Championship"]
[Site "St Louis, MO USA"]
[Date "2018.04.23"]
[EventDate "2018.04.18"]
[Round "6"]
[Result "0-1"]
[White "Ray Robson"]
[Black "Fabiano Caruana"]
[WhiteElo "2660"]
[BlackElo "2804"]
[PlyCount "78"]

1. e4 e5 2. Nf3 Nf6 3. Nxe5 d6 4. Nf3 Nxe4 5. Nc3 Nxc3 6. dxc3
Be7 7. Be3 O-O 8. Qd2 Nd7 9. O-O-O c6 10. Kb1 d5 11. c4 Nb6
12. cxd5 Nxd5 13. Bc4 Bf5 14. Bxd5 cxd5 15. Qxd5 Qc8 16. Nd4
Bg6 17. Ka1 Re8 18. Rhe1 Bf6 19. c3 Re5 20. Qb3 a6 21. Bf4
Rxe1 22. Rxe1 Qd7 23. Be5 Re8 24. f4 Bd8 25. a4 h6 26. Rd1 Qg4
27. Rd2 b5 28. axb5 axb5 29. Qd1 Qd7 30. f5 Bg5 31. Rd3 Bxf5
32. Nxf5 Qxf5 33. Bg3 Ra8+ 34. Kb1 Rd8 35. Kc2 b4 36. cxb4
Rc8+ 37. Kb3 Qe6+ 38. Rd5 Rd8 39. Kc4 Qc6+ 0-1

[Event "US Championship"]
[Site "St Louis, MO USA"]
[Date "2018.04.25"]
[EventDate "2018.04.18"]
[Round "7"]
[Result "1/2-1/2"]
[White "Samuel Shankland"]
[Black "Wesley So"]
[WhiteElo "2671"]
[BlackElo "2786"]
[PlyCount "100"]

1. d4 Nf6 2. c4 g6 3. Nc3 d5 4. cxd5 Nxd5 5. g3 Bg7 6. Bg2
Nxc3 7. bxc3 c5 8. Nf3 Nc6 9. O-O O-O 10. Rb1 cxd4 11. Nxd4
Nxd4 12. cxd4 Qxd4 13. Be3 Qc4 14. Qd2 Be6 15. Rfc1 Rad8
16. Qxd8 Rxd8 17. Rxc4 Bxc4 18. Bxa7 b5 19. Bc6 Bxa2 20. Rxb5
Bc4 21. Rb7 Bf6 22. Bf3 Rd1+ 23. Kg2 Re1 24. Be3 Bxe2 25. Bxe2
Rxe2 26. Bh6 Rb2 27. Rd7 Rb8 28. h4 Re8 29. Bg5 Bxg5 30. hxg5
Kf8 31. f4 Rc8 32. Ra7 Rc6 33. Ra8+ Kg7 34. Ra7 Re6 35. Kf3
Re1 36. Kf2 Re4 37. Kf3 Re6 38. g4 f6 39. gxf6+ Kxf6 40. g5+
Kf7 41. Ra1 Rd6 42. Rh1 Kg7 43. Re1 Rd3+ 44. Kg4 Rd7 45. Re2
Kf8 46. Rh2 e6 47. Re2 Ke7 48. Rh2 Kd6 49. Rd2+ Ke7 50. Rh2
Kd6 1/2-1/2

[Event "US Championship"]
[Site "St Louis, MO USA"]
[Date "2018.04.25"]
[EventDate "2018.04.18"]
[Round "7"]
[Result "1/2-1/2"]
[White "Jeffery Xiong"]
[Black "Yaroslav Zherebukh"]
[WhiteElo "2665"]
[BlackElo "2640"]
[PlyCount "91"]

1. d4 d5 2. c4 e6 3. Nf3 Nf6 4. g3 dxc4 5. Bg2 Nc6 6. Qa4 Bb4+
7. Bd2 Nd5 8. Bxb4 Ndxb4 9. Nc3 Bd7 10. O-O a5 11. Nb5 Ra6
12. Qd1 Ne7 13. a4 O-O 14. Ne5 Bc6 15. Nxc6 Nexc6 16. Rc1 Qe7
17. Rxc4 Raa8 18. Qc1 Rfd8 19. Rd1 Rd7 20. e3 Rad8 21. h4 h5
22. Rc5 g6 23. Qc4 e5 24. Bxc6 bxc6 25. Nc3 exd4 26. exd4 Ra8
27. Re5 Qd8 28. Ne2 Kg7 29. Nf4 Nd5 30. Nxd5 Rxd5 31. Rc1 Rxd4
32. Qxc6 Qf6 33. Qxf6+ Kxf6 34. Re3 Rxa4 35. Rf3+ Kg7 36. Rxc7
Rf8 37. Rb7 Rd4 38. b3 Re4 39. Kg2 Rd4 40. Re3 Rd5 41. Rf3 Re5
42. Rf4 Rd5 43. Kf1 Re5 44. Kg1 Rd5 45. Kg2 Rc5 46. Kg1
1/2-1/2

[Event "US Championship"]
[Site "St Louis, MO USA"]
[Date "2018.04.25"]
[EventDate "2018.04.18"]
[Round "7"]
[Result "1-0"]
[White "Aleksandr Lenderman"]
[Black "Alexander Onischuk"]
[WhiteElo "2599"]
[BlackElo "2672"]
[PlyCount "85"]

1. c4 e5 2. Nc3 Nf6 3. Nf3 Nc6 4. e4 Bb4 5. d3 d6 6. h3 O-O
7. g3 Nd4 8. Bg2 Nxf3+ 9. Qxf3 c6 10. O-O a6 11. Be3 b5
12. cxb5 axb5 13. a3 Bxc3 14. bxc3 Ra4 15. Rfb1 Re8 16. Rb4
Qa5 17. Rxa4 Qxa4 18. Qd1 Be6 19. c4 Qxd1+ 20. Rxd1 Ra8
21. cxb5 cxb5 22. d4 h6 23. dxe5 dxe5 24. Bc5 Rc8 25. Bb4 Bb3
26. Rd2 Rc1+ 27. Kh2 Kh7 28. f3 Bc4 29. h4 Be6 30. Bh3 Bxh3
31. Kxh3 Rc7 32. Rd8 Rb7 33. g4 Rb6 34. Kg3 Rb7 35. Kf2 Kg6
36. h5+ Kh7 37. Ke2 g6 38. Rd6 Kg7 39. hxg6 fxg6 40. Re6 Kf7
41. Rxe5 h5 42. g5 Ne8 43. f4 1-0

[Event "US Championship"]
[Site "St Louis, MO USA"]
[Date "2018.04.25"]
[EventDate "2018.04.18"]
[Round "7.5"]
[Result "1/2-1/2"]
[White "Awonder Liang"]
[Black "Ray Robson"]
[WhiteElo "2552"]
[BlackElo "2660"]
[PlyCount "143"]

1. e4 e5 2. Nf3 Nc6 3. Bb5 Nf6 4. d3 d6 5. O-O Bd7 6. c3 g6
7. Re1 Bg7 8. Nbd2 O-O 9. Ba4 Nh5 10. Nf1 Kh8 11. Bb3 Qe8
12. Ne3 f5 13. exf5 gxf5 14. Nd5 Rc8 15. d4 e4 16. Ng5 Na5
17. Bc2 c6 18. Nf4 Nf6 19. b3 b6 20. Ba3 Nb7 21. f3 h6
22. Ngh3 c5 23. dxc5 dxc5 24. c4 Bc6 25. Bb2 Qf7 26. fxe4 fxe4
27. Qe2 Nd6 28. Rad1 Rcd8 29. Kh1 Nfe8 30. Bxg7+ Nxg7 31. Qg4
Kh7 32. Nd5 Bxd5 33. Rxd5 Qe6 34. Qh4 Kh8 35. Bxe4 Rde8
36. Re5 Qf6 37. Qxf6 Rxf6 38. Rxe8+ Ngxe8 39. Bc6 Nc7 40. Re7
Rf7 41. Re1 Rf6 42. Bf3 Ne6 43. Nf2 Nd4 44. Ng4 Nxf3 45. Re3
Rf4 46. gxf3 Nf5 47. Re8+ Kg7 48. Kg2 Rd4 49. Kf2 Rd3 50. Re5
Nd4 51. Re7+ Kf8 52. Rxa7 Rxf3+ 53. Kg2 Rf5 54. Nxh6 Rg5+
55. Kf2 Rg6 56. Rf7+ Ke8 57. Rh7 Rf6+ 58. Kg2 Re6 59. Ng4 Re2+
60. Kg3 Rxa2 61. Nf6+ Kf8 62. Nd7+ Kg8 63. Nf6+ Kf8 64. Rb7
Nxb3 65. h4 Na5 66. Rxb6 Nxc4 67. Rc6 Ne5 68. Rxc5 Ra3+
69. Kg2 Ra2+ 70. Kg3 Ra3+ 71. Kg2 Ra2+ 72. Kg3 1/2-1/2

[Event "US Championship"]
[Site "St Louis, MO USA"]
[Date "2018.04.26"]
[EventDate "2018.04.18"]
[Round "8"]
[Result "1/2-1/2"]
[White "Wesley So"]
[Black "Fabiano Caruana"]
[WhiteElo "2786"]
[BlackElo "2804"]
[PlyCount "92"]

1. e4 e5 2. Nf3 Nf6 3. Nxe5 d6 4. Nf3 Nxe4 5. Bd3 d5 6. O-O
Be7 7. Re1 Nd6 8. c3 O-O 9. Bc2 c6 10. d4 Bf5 11. Bf4 Bxc2
12. Qxc2 Na6 13. Nbd2 Nc7 14. Re2 Re8 15. Rae1 Bf8 16. Ne5 Qf6
17. Bg3 Qf5 18. Qxf5 Nxf5 19. Nd3 Nxg3 20. hxg3 f6 21. g4 Kf7
22. Nf3 Rxe2 23. Rxe2 Ne6 24. g3 a5 25. Kg2 a4 26. Re1 Re8
27. Rh1 h6 28. Re1 Nc7 29. Rxe8 Kxe8 30. Ng1 b6 31. b3 axb3
32. axb3 g5 33. Ne2 Kd7 34. Kf1 Ke6 35. f3 Nb5 36. Nb2 Bd6
37. Kf2 Bc7 38. Nd1 Nd6 39. Ne3 f5 40. gxf5+ Nxf5 41. Nxf5
Kxf5 42. g4+ Ke6 43. Ke3 b5 44. Kf2 Bd6 45. b4 Bf4 46. Nxf4+
gxf4 1/2-1/2

[Event "US Championship"]
[Site "St Louis, MO USA"]
[Date "2018.04.26"]
[EventDate "2018.04.18"]
[Round "8"]
[Result "1/2-1/2"]
[White "Yaroslav Zherebukh"]
[Black "Zviad Izoria"]
[WhiteElo "2640"]
[BlackElo "2599"]
[PlyCount "70"]

1. d4 Nf6 2. c4 e6 3. Nf3 a6 4. g3 b5 5. b3 Bb7 6. Bg2 c5
7. O-O cxd4 8. Qxd4 Nc6 9. Qf4 Ne7 10. Nc3 Ng6 11. Qd4 bxc4
12. bxc4 Rc8 13. Rb1 Bc5 14. Qd1 Bc6 15. Na4 Ba7 16. Nd2 Bxg2
17. Kxg2 O-O 18. Bb2 e5 19. e4 d6 20. Nc3 Nd7 21. Nd5 Ne7
22. Ba3 Bc5 23. Qa4 Bxa3 24. Qxa3 Nc5 25. Rfe1 f5 26. Nxe7+
Qxe7 27. exf5 Rxf5 28. Qe3 Rcf8 29. Rf1 Qc7 30. f3 Qc6 31. Ne4
Nxe4 32. Qxe4 Qxe4 33. fxe4 Rxf1 34. Rxf1 Rc8 35. Rc1 Kf7
1/2-1/2

[Event "US Championship"]
[Site "St Louis, MO USA"]
[Date "2018.04.26"]
[EventDate "2018.04.18"]
[Round "8"]
[Result "1/2-1/2"]
[White "Alexander Onischuk"]
[Black "Jeffery Xiong"]
[WhiteElo "2672"]
[BlackElo "2665"]
[PlyCount "60"]

1. d4 Nf6 2. c4 g6 3. Nc3 d5 4. cxd5 Nxd5 5. e4 Nxc3 6. bxc3
Bg7 7. Qa4+ Qd7 8. Bb5 c6 9. Be2 O-O 10. Qa3 b6 11. Nf3 c5
12. O-O Bb7 13. d5 e6 14. Be3 exd5 15. Rad1 Nc6 16. exd5 Ne7
17. c4 Nf5 18. Bf4 Rfe8 19. Bd3 Nd4 20. Nxd4 Bxd4 21. Rb1 Qg4
22. Qc1 Bc8 23. Qd2 Bd7 24. Rbe1 Bc3 25. Qxc3 Qxf4 26. Qa3 Qg5
27. Be4 Qf4 28. Bd3 Qg5 29. Be4 Qf4 30. Bd3 Qg5 1/2-1/2

[Event "US Championship"]
[Site "St Louis, MO USA"]
[Date "2018.04.26"]
[EventDate "2018.04.18"]
[Round "8"]
[Result "0-1"]
[White "Awonder Liang"]
[Black "Aleksandr Lenderman"]
[WhiteElo "2552"]
[BlackElo "2599"]
[PlyCount "80"]

1. e4 e5 2. Nf3 Nf6 3. Nxe5 d6 4. Nf3 Nxe4 5. d4 d5 6. Bd3 Bd6
7. O-O O-O 8. c4 c6 9. Nc3 Nxc3 10. bxc3 dxc4 11. Bxc4 Bf5
12. Re1 Nd7 13. Bg5 Qa5 14. Nh4 Nb6 15. Bb3 Bd7 16. Bd2 Rae8
17. Rxe8 Rxe8 18. Rb1 Qa6 19. Qh5 Nc4 20. Nf3 h6 21. h3 Be6
22. Re1 Qb5 23. Qh4 Nxd2 24. Nxd2 Qd3 25. Ne4 Bc7 26. f3 b6
27. Qf2 Kf8 28. Rd1 Qb5 29. Qb2 Bxb3 30. axb3 Kg8 31. c4 Qb4
32. d5 cxd5 33. cxd5 Be5 34. Qc2 f5 35. Qc6 Kf8 36. d6 fxe4
37. d7 Rd8 38. Qe6 Qc5+ 39. Kh1 e3 40. f4 Bf6 0-1

[Event "US Championship"]
[Site "St Louis, MO USA"]
[Date "2018.04.26"]
[EventDate "2018.04.18"]
[Round "8"]
[Result "1-0"]
[White "Ray Robson"]
[Black "Varuzhan Eduardovich Akobian"]
[WhiteElo "2660"]
[BlackElo "2647"]
[PlyCount "287"]

1. e4 e6 2. d4 d5 3. Nc3 Nf6 4. e5 Nfd7 5. f4 c5 6. Nf3 Nc6
7. Be3 Qb6 8. Na4 Qa5+ 9. c3 c4 10. b4 Qc7 11. Be2 Be7 12. O-O
O-O 13. Qd2 f5 14. exf6 Nxf6 15. Qc2 b6 16. Ne5 Bb7 17. Nb2 b5
18. a4 a6 19. Bf3 Bd6 20. Rae1 Ne7 21. a5 Nf5 22. Nd1 Ne4
23. Bc1 Qe7 24. g3 Rad8 25. Bg4 Ba8 26. Nf2 Nxc3 27. Bxf5 exf5
28. Qxc3 Bxb4 29. Qb2 Bxe1 30. Rxe1 b4 31. Ned3 Qc7 32. Nxb4
Qxa5 33. Bd2 Qb5 34. Qa1 a5 35. Nc2 a4 36. Nd1 Qb3 37. Nce3
Rb8 38. Nc3 Qb2 39. Qxb2 Rxb2 40. Bc1 Rb3 41. Nxa4 Bc6 42. Nc5
Rb1 43. Kf2 g6 44. Nc2 Ra8 45. Ba3 Rxe1 46. Kxe1 Kf7 47. Kd2
h6 48. h4 Kf6 49. Bb2 Rb8 50. Bc3 Rb1 51. Nb4 Ba8 52. Nca6 Rg1
53. Nc7 Bb7 54. Nbxd5+ Bxd5 55. Nxd5+ Kf7 56. Ne3 Rxg3 57. d5
g5 58. hxg5 hxg5 59. fxg5 Rxg5 60. Be5 Ke7 61. Bf4 Rh5
62. Nxc4 Rh3 63. Ke2 Rc3 64. Ne3 Kf6 65. Bd6 Rb3 66. Kf3 Rd3
67. Bc7 Rd4 68. Bd8+ Ke5 69. Bc7+ Kf6 70. Bb6 Ra4 71. Bd8+ Ke5
72. Bc7+ Kf6 73. Bf4 Rd4 74. Bg3 Ra4 75. Bh2 Rd4 76. Bc7 Ra4
77. Bd6 Rd4 78. Bc7 Ra4 79. Ng2 Rc4 80. Bb8 Rb4 81. Bc7 Rc4
82. Bg3 Rd4 83. Ne3 Ra4 84. Bd6 Rd4 85. Ba3 Ra4 86. Bb2+ Kg6
87. Be5 Ra3 88. Ke2 Kf7 89. Nc4 Ra4 90. Kd3 Ra2 91. Kd4 Rf2
92. Bg3 Rg2 93. Bf4 Re2 94. Kc5 Kf6 95. Be5+ Ke7 96. Bg3 Rc2
97. Kd4 Re2 98. Ne3 Rd2+ 99. Ke5 Re2 100. Bf4 Kd7 101. Kxf5
Rd2 102. Ke5 Re2 103. Kd4 Rf2 104. Be5 Rd2+ 105. Kc5 Re2
106. Nc4 Rc2 107. Bf4 Rc3 108. Kd4 Rb3 109. Kc5 Rc3 110. Kb4
Rh3 111. Nb6+ Ke7 112. Bc7 Rh1 113. d6+ Ke6 114. d7 Rb1+
115. Kc3 Rd1 116. d8=Q Rxd8 117. Bxd8 Kd6 118. Kd4 Kc6
119. Nc4 Kd7 120. Bg5 Kc6 121. Bf4 Kb7 122. Kd5 Ka7 123. Kc6
Ka8 124. Be3 Kb8 125. Nd6 Ka8 126. Nb5 Kb8 127. Nc7 Kc8
128. Ba7 Kd8 129. Nd5 Ke8 130. Kd6 Kf7 131. Ne7 Kf6 132. Be3
Kf7 133. Bg5 Ke8 134. Nc6 Kf7 135. Ne5+ Ke8 136. Ke6 Kf8
137. Kd7 Kg7 138. Ke7 Kg8 139. Bh6 Kh7 140. Bf8 Kg8 141. Ng4
Kh7 142. Kf7 Kh8 143. Bg7+ Kh7 144. Nf6+ 1-0

[Event "US Championship"]
[Site "St Louis, MO USA"]
[Date "2018.04.27"]
[EventDate "2018.04.18"]
[Round "9"]
[Result "1/2-1/2"]
[White "Varuzhan Eduardovich Akobian"]
[Black "Wesley So"]
[WhiteElo "2647"]
[BlackElo "2786"]
[PlyCount "68"]

1. d4 Nf6 2. c4 g6 3. Nc3 d5 4. Bf4 Bg7 5. e3 c5 6. dxc5 Qa5
7. Qa4+ Qxa4 8. Nxa4 Bd7 9. Nc3 Ne4 10. Nxd5 Na6 11. f3 Nexc5
12. O-O-O e6 13. Nc3 Bxc3 14. bxc3 f6 15. e4 e5 16. Be3 Rc8
17. Rd5 Be6 18. Kd2 Ke7 19. Nh3 b6 20. Be2 Bxd5 21. cxd5 Nc7
22. Nf2 Ne8 23. Nd3 Nxd3 24. Bxd3 Nd6 25. a4 Nc4+ 26. Bxc4
Rxc4 27. Ra1 Rhc8 28. Ra3 f5 29. Kd3 Kd7 30. h3 h5 31. h4 R4c7
32. Rb3 Rc4 33. Ra3 R4c7 34. Rb3 Rc4 1/2-1/2

[Event "US Championship"]
[Site "St Louis, MO USA"]
[Date "2018.04.27"]
[EventDate "2018.04.18"]
[Round "9"]
[Result "1/2-1/2"]
[White "Zviad Izoria"]
[Black "Alexander Onischuk"]
[WhiteElo "2599"]
[BlackElo "2672"]
[PlyCount "94"]

1. Nf3 d5 2. d4 Nf6 3. c4 e6 4. Nc3 Be7 5. Bg5 h6 6. Bh4 O-O
7. e3 b6 8. Be2 Bb7 9. Bxf6 Bxf6 10. cxd5 exd5 11. b4 c5
12. bxc5 bxc5 13. Rb1 Bc6 14. O-O Nd7 15. Bb5 Qc7 16. Qd2 Rab8
17. Bxc6 Qxc6 18. dxc5 Bxc3 19. Qxc3 Qxc5 20. Qxc5 Nxc5
21. Nd4 Rfc8 22. g3 Ne4 23. Rb3 Nd2 24. Rxb8 Rxb8 25. Rc1 Rb2
26. a4 Ra2 27. Rc8+ Kh7 28. Rc7 Rxa4 29. Rxf7 Ne4 30. f3 Ra1+
31. Kg2 Ra2+ 32. Kg1 Ng5 33. Rd7 a5 34. Rxd5 a4 35. Ra5 Nf7
36. Nf5 a3 37. f4 Nd8 38. Nd4 Nb7 39. Ra7 Nd6 40. f5 Kg8
41. g4 Nc4 42. Nb5 Rb2 43. Nxa3 Nxe3 44. h3 h5 45. gxh5 Rg2+
46. Kh1 Rg3 47. Kh2 Rg2+ 1/2-1/2

[Event "US Championship"]
[Site "St Louis, MO USA"]
[Date "2018.04.27"]
[EventDate "2018.04.18"]
[Round "9"]
[Result "1/2-1/2"]
[White "Jeffery Xiong"]
[Black "Awonder Liang"]
[WhiteElo "2665"]
[BlackElo "2552"]
[PlyCount "60"]

1. e4 c6 2. d4 d5 3. e5 Bf5 4. Nf3 e6 5. Be2 c5 6. Be3 Qb6
7. Nc3 Nc6 8. Na4 Qa5+ 9. c3 cxd4 10. Nxd4 Nxd4 11. Bxd4 Ne7
12. Qb3 Qc7 13. Nc5 Nc6 14. Qxb7 Qxb7 15. Nxb7 Nxd4 16. cxd4
Bb4+ 17. Kd1 Rb8 18. Ba6 Bd3 19. Bxd3 Rxb7 20. Rc1 Kd7 21. Ke2
Ba5 22. Rc2 Rhb8 23. b3 Rb4 24. Rhc1 Rxd4 25. g3 Rdb4 26. Rc6
R4b7 27. Rd6+ Ke7 28. Rdc6 Kd7 29. Rd6+ Ke7 30. Rdc6 Kd7
1/2-1/2

[Event "US Championship"]
[Site "St Louis, MO USA"]
[Date "2018.04.27"]
[EventDate "2018.04.18"]
[Round "9"]
[Result "1-0"]
[White "Samuel Shankland"]
[Black "Yaroslav Zherebukh"]
[WhiteElo "2671"]
[BlackElo "2640"]
[PlyCount "141"]

1. Nf3 Nf6 2. c4 e6 3. Nc3 d5 4. d4 Nbd7 5. Bg5 Be7 6. e3 h6
7. Bh4 O-O 8. Rc1 c6 9. a3 a6 10. c5 e5 11. Nxe5 Nxe5 12. dxe5
Nd7 13. Bxe7 Qxe7 14. Qd4 Nxe5 15. Be2 Qg5 16. g3 Qe7 17. O-O
Bh3 18. Rfe1 f5 19. f3 Rae8 20. Nd1 Qf7 21. Nf2 Qh5 22. Qh4
Qxf3 23. Qxh3 Qxe3 24. Bh5 Nf3+ 25. Bxf3 Qxf3 26. Qg2 Qb3
27. Nh3 Re4 28. Qd2 b6 29. Nf2 Rxe1+ 30. Qxe1 bxc5 31. Rxc5
Qxb2 32. Qc3 Qb8 33. Nd3 Qb1+ 34. Kg2 f4 35. Nxf4 Qe4+ 36. Kg1
g5 37. Ng2 Qf5 38. Qe1 Qf6 39. Rc1 d4 40. Qe2 c5 41. Ne1 Rc8
42. Nd3 c4 43. Qe4 Qd6 44. Ne5 c3 45. Nd3 Kg7 46. Kg2 Rc7
47. Re1 c2 48. h4 Qc6 49. Qxc6 Rxc6 50. Kf3 gxh4 51. gxh4 Rc3
52. Ke4 Rxa3 53. Rc1 Rc3 54. Kxd4 Rc8 55. Nc5 Kg6 56. Rxc2 Kh5
57. Rh2 Rg8 58. Ne4 Rg1 59. Nf6+ Kg6 60. Ke5 Re1+ 61. Ne4 Kh5
62. Kf4 Rf1+ 63. Kg3 Re1 64. Nf6+ Kg6 65. Nd5 Rd1 66. Nf4+ Kf5
67. Ra2 Rg1+ 68. Ng2 Rb1 69. Rxa6 Rb3+ 70. Kh2 Kg4 71. Rxh6
1-0

[Event "US Championship"]
[Site "St Louis, MO USA"]
[Date "2018.04.27"]
[EventDate "2018.04.18"]
[Round "9"]
[Result "1/2-1/2"]
[White "Aleksandr Lenderman"]
[Black "Ray Robson"]
[WhiteElo "2599"]
[BlackElo "2660"]
[PlyCount "142"]

1. d4 Nf6 2. c4 g6 3. Nc3 d5 4. Nf3 Bg7 5. cxd5 Nxd5 6. Bg5 c5
7. Rc1 Nxc3 8. bxc3 Qa5 9. Qd2 Bg4 10. e4 Nd7 11. d5 h6
12. Be3 b5 13. Be2 e6 14. c4 b4 15. O-O Bc3 16. Qc2 Bxf3
17. Bxf3 e5 18. Bg4 Nf6 19. Bh3 Qb6 20. a3 a5 21. Rb1 Qd6
22. f3 Kf8 23. Qa4 Kg7 24. axb4 axb4 25. Qc6 Qxc6 26. dxc6 Ra7
27. Bxc5 Rc7 28. Bxb4 Bd4+ 29. Kh1 Rxc6 30. Rbc1 Rb8 31. Bd2
Rb7 32. Rc2 Ne8 33. Rfc1 Nd6 34. c5 Nb5 35. Bb4 Be3 36. Rd1
Nd4 37. Rc4 Nc2 38. Bc3 Bd4 39. Bd2 Rxc5 40. Rxc5 Bxc5 41. g3
Bd4 42. Rc1 Rb2 43. Bf1 g5 44. Bd3 Ne3 45. Bxe3 Bxe3 46. Rb1
Rf2 47. Rf1 Rd2 48. Bc4 h5 49. Re1 Bd4 50. Rf1 Kg6 51. Ba6 h4
52. Bc8 Bf2 53. Bf5+ Kf6 54. Rc1 Be3 55. Ra1 Ke7 56. Ra6 Bd4
57. Rc6 Kf8 58. gxh4 gxh4 59. h3 Be3 60. Bg4 Kg7 61. Ra6 f6
62. Ra8 Kf7 63. Rc8 Rb2 64. Ra8 Kg6 65. Rg8+ Kh7 66. Rc8 Kh6
67. Rg8 Rf2 68. Bf5 Rxf3 69. Rh8+ Kg5 70. Rg8+ Kh6 71. Rh8+
Kg5 1/2-1/2

[Event "US Championship"]
[Site "St Louis, MO USA"]
[Date "2018.04.28"]
[EventDate "2018.04.18"]
[Round "10"]
[Result "0-1"]
[White "Alexander Onischuk"]
[Black "Samuel Shankland"]
[WhiteElo "2672"]
[BlackElo "2671"]
[PlyCount "98"]

1. d4 Nf6 2. c4 e6 3. Nf3 d5 4. Nc3 Bb4 5. cxd5 exd5 6. Bg5 h6
7. Bh4 O-O 8. e3 Bf5 9. a3 Bxc3+ 10. bxc3 Nbd7 11. Be2 c5
12. O-O g5 13. Bg3 Ne4 14. c4 dxc4 15. Bxc4 Rc8 16. Rc1 Qe7
17. Bd3 Rfd8 18. Qe2 Nb6 19. Bxe4 Bxe4 20. Ne5 cxd4 21. Rxc8
Rxc8 22. exd4 Bf5 23. Qh5 f6 24. Ng4 Bxg4 25. Qxg4 Qd7 26. Qf3
Nd5 27. Qh5 Kg7 28. f4 Qe8 29. Qf3 Qe3+ 30. Qxe3 Nxe3 31. Rf3
Nd5 32. fxg5 hxg5 33. h4 gxh4 34. Bxh4 Kf7 35. Be1 b6 36. Bd2
Rc2 37. Rd3 Ke6 38. g4 Kd6 39. Kf1 Kc6 40. Ke1 Kb5 41. g5 fxg5
42. Bxg5 Kc4 43. Rg3 Nc3 44. d5 Nxd5 45. Kd1 Rc3 46. Rg4+ Kb3
47. Rd4 Ne3+ 48. Bxe3 Rxe3 49. Kd2 Rh3 0-1

[Event "US Championship"]
[Site "St Louis, MO USA"]
[Date "2018.04.28"]
[EventDate "2018.04.18"]
[Round "10"]
[Result "0-1"]
[White "Yaroslav Zherebukh"]
[Black "Fabiano Caruana"]
[WhiteElo "2640"]
[BlackElo "2804"]
[PlyCount "61"]

1. e4 c5 2. Nc3 e6 3. Nf3 a6 4. g3 b5 5. Bg2 Bb7 6. d3 Nc6
7. O-O d6 8. Ng5 h6 9. Nh3 Nf6 10. f4 Be7 11. f5 b4 12. Ne2
exf5 13. Rxf5 O-O 14. c4 bxc3 15. bxc3 Ne5 16. c4 Bc8 17. Rf1
Rb8 18. Nhf4 g5 19. Nd5 Nxd5 20. cxd5 Bf6 21. d4 cxd4 22. Nxd4
Bg4 23. Qa4 Nd3 24. Qc4 Rb4 25. Qxd3 Bxd4+ 26. Be3 Bxa1
27. Rxa1 Qf6 28. Re1 Rc8 29. h3 Bd7 30. Qxa6 Rc2 31. Rf1 0-1

[Event "US Championship"]
[Site "St Louis, MO USA"]
[Date "2018.04.28"]
[EventDate "2018.04.18"]
[Round "10"]
[Result "1/2-1/2"]
[White "Ray Robson"]
[Black "Wesley So"]
[WhiteElo "2660"]
[BlackElo "2786"]
[PlyCount "79"]

1. e4 e5 2. Nf3 Nc6 3. Bb5 a6 4. Ba4 Nf6 5. O-O Be7 6. Re1 b5
7. Bb3 O-O 8. a4 b4 9. d4 d6 10. dxe5 Nxe5 11. Nxe5 dxe5
12. Qxd8 Rxd8 13. Nd2 Bc5 14. Nf3 Ng4 15. Be3 Bxe3 16. fxe3
Rd6 17. Rad1 Be6 18. Bxe6 Rxe6 19. Rd5 Rc6 20. Re2 Re8 21. h3
Nf6 22. Rxe5 Kf8 23. Rd2 Nxe4 24. Rd4 Nd6 25. Rxe8+ Kxe8
26. Ne1 Nc4 27. Re4+ Kd8 28. b3 Na3 29. Rxb4 Nxc2 30. Rb8+ Ke7
31. Nxc2 Rxc2 32. b4 Ra2 33. a5 c5 34. bxc5 Rxa5 35. Rb7+ Ke6
36. c6 Rc5 37. c7 Kd7 38. Ra7 Rxc7 39. Rxa6 Rc6 40. Ra7+
1/2-1/2

[Event "US Championship"]
[Site "St Louis, MO USA"]
[Date "2018.04.28"]
[EventDate "2018.04.18"]
[Round "10"]
[Result "0-1"]
[White "Aleksandr Lenderman"]
[Black "Jeffery Xiong"]
[WhiteElo "2599"]
[BlackElo "2665"]
[PlyCount "110"]

1. c4 e5 2. g3 c6 3. d4 e4 4. d5 Bb4+ 5. Bd2 e3 6. fxe3 Bxd2+
7. Qxd2 cxd5 8. cxd5 Nf6 9. Nc3 d6 10. Bg2 O-O 11. Nf3 Bf5
12. Qd4 Re8 13. Nd2 Nbd7 14. e4 Bg6 15. O-O a6 16. a4 Rc8
17. a5 Ne5 18. b4 h5 19. h3 Re7 20. Rac1 Rec7 21. Na2 Rc2
22. Rxc2 Rxc2 23. Nc1 Qd7 24. Ncb3 Qb5 25. Re1 Ra2 26. Nc1 Rc2
27. Ncb3 Kh7 28. Bf1 Nc4 29. e3 Nxd2 30. Nxd2 Qe8 31. Bg2 Kg8
32. Rf1 Qb5 33. Rf2 Qa4 34. Nc4 Rxf2 35. Kxf2 Qc2+ 36. Nd2
Bxe4 37. Bxe4 Qxd2+ 38. Qxd2 Nxe4+ 39. Ke2 Nxd2 40. Kxd2 f5
41. Kd3 Kf7 42. Kd4 Kf6 43. b5 Kg5 44. e4 fxe4 45. bxa6 bxa6
46. Kxe4 g6 47. Ke3 Kf5 48. Kd4 g5 49. h4 g4 50. Kd3 Ke5
51. Ke3 Kxd5 52. Kd3 Ke5 53. Kc3 d5 54. Kd3 d4 55. Kc4 Ke4 0-1

[Event "US Championship"]
[Site "St Louis, MO USA"]
[Date "2018.04.28"]
[EventDate "2018.04.18"]
[Round "10"]
[Result "1-0"]
[White "Awonder Liang"]
[Black "Zviad Izoria"]
[WhiteElo "2552"]
[BlackElo "2599"]
[PlyCount "133"]

1. e4 e5 2. Nf3 Nc6 3. Bb5 Nf6 4. d3 Bc5 5. Bxc6 dxc6 6. Qe2
Qe7 7. Nbd2 Bg4 8. h3 Bh5 9. a3 a5 10. Nf1 Nd7 11. Ne3 Bxe3
12. Bxe3 c5 13. Qd2 Bxf3 14. gxf3 f5 15. Qc3 f4 16. Bd2 Qe6
17. b4 b6 18. bxc5 bxc5 19. Ke2 a4 20. Rab1 Kf7 21. h4 g6
22. Rb7 Rhc8 23. Rhb1 Ra6 24. R1b5 Ke7 25. Qb2 Qc6 26. Ba5 Kd6
27. Qc3 Ke7 28. Rb1 h6 29. R7b5 Rca8 30. Rxc5 Nxc5 31. Bb4 Kf7
32. Bxc5 Ra5 33. Qc4+ Qe6 34. Rb7 Qxc4 35. Rxc7+ Ke8 36. dxc4
R5a6 37. Re7+ Kd8 38. Rxe5 Rc6 39. c3 Rb8 40. Bb4 Rb7 41. Rd5+
Rd7 42. Kd3 h5 43. e5 g5 44. hxg5 Rxd5+ 45. cxd5 Rg6 46. Ke4
h4 47. Kxf4 h3 48. Kg3 Rxg5+ 49. Kxh3 Rxe5 50. d6 Re2 51. Kg2
Kd7 52. f4 Ke6 53. Kg3 Re1 54. Kf3 Rc1 55. Ke2 Rc2+ 56. Ke3
Rc1 57. Kd2 Rh1 58. f5+ Kd7 59. Ke3 Rh4 60. f3 Kd8 61. f4 Rh1
62. Kd4 Kd7 63. f6 Ke6 64. Kc5 Kd7 65. Kd5 Rh5+ 66. Ke4 Ke6
67. f7 1-0

[Event "US Championship"]
[Site "St Louis, MO USA"]
[Date "2018.04.29"]
[EventDate "2018.04.18"]
[Round "11"]
[Result "1/2-1/2"]
[White "Zviad Izoria"]
[Black "Aleksandr Lenderman"]
[WhiteElo "2599"]
[BlackElo "2599"]
[PlyCount "60"]

1. e4 e5 2. Nf3 Nf6 3. d4 Nxe4 4. Bd3 Nc6 5. d5 Nf6 6. dxc6 e4
7. cxb7 Bxb7 8. Be2 exf3 9. Bxf3 Bxf3 10. Qxf3 Be7 11. O-O O-O
12. b3 d5 13. Bb2 c6 14. Nd2 Nd7 15. Rfe1 Bf6 16. Bxf6 Nxf6
17. Qc3 Qd6 18. Re2 Rfe8 19. Rae1 Rxe2 20. Rxe2 a5 21. a4 h6
22. g3 c5 23. Qd3 Qc7 24. Nb1 c4 25. bxc4 dxc4 26. Qf3 Rb8
27. Nc3 Qc5 28. Kg2 Rd8 29. h3 Kf8 30. Re1 Kg8 1/2-1/2